000
00276nam a2200097Ia 4500
008
220204s9999 xx 000 0 und d
082
_a
3:5(058)
_b
GAN
245
0
_a
Directory of scientific, social and literary awards in India
260
_a
New Delhi
_b
Sterling
_c
1979
942
_c
BK
999
_c
31727
_d
31727